[Event "AUTO-INT-3956"]
[Site "http://www.queenalice.com/game.php?id=1867683"]
[Date "2026.1.7"]
[Round "1"]
[White "zmanomega"]
[Black "Hovis"]
[Result "0-1"]
[WhiteElo "1652"]
[BlackElo "1573"]

1. e4 e5 2. Nf3 Nc6 3. c3 d6 4. d3 Nf6 5. b4 Be7 6. d4 Nxe4 7. Qd3 Bf5 8. Qc4
Qd7 9. Nbd2 O-O 10. Nxe4 Bxe4 11. Be2 Qg4 12. Rg1 Bxf3 13. Bxf3 Qg6 14. d5 Nd8
15. Qxc7 Re8 16. Qc4 a6 17. Be4 f5 18. Bf3 Nf7 19. a4 Rac8 20. Qb3 Ng5 21. Bxg5
Bxg5 22. a5 e4 23. Be2 e3 24. f3 Bh4+ 25. g3 Bf6 26. O-O-O Rxc3+ 27. Qxc3 Bxc3
0-1

[Event "AUTO-INT-3956"]
[Site "http://www.queenalice.com/game.php?id=1867684"]
[Date "2026.1.7"]
[Round "1"]
[White "Hovis"]
[Black "zmanomega"]
[Result "1-0"]
[WhiteElo "1597"]
[BlackElo "1647"]

1. d4 d5 2. Nc3 c6 3. Nf3 Nh6 4. h3 f6 5. Bd2 b6 6. e3 g5 7. Qe2 a6 8. g4 Nf7 9.
O-O-O b5 10. Bg2 a5 11. a3 a4 12. e4 Be6 13. Be3 dxe4 14. Nxe4 Qd5 15. Nc5 Bc8
16. Rhg1 Nd6 17. Nd2 Qf7 18. f4 gxf4 19. Bxf4 e6 20. Nde4 Ra7 21. Bxd6 Na6 22.
Nc3 Bxd6 23. Bxc6+ Kf8 24. Nxb5 Bf4+ 25. Kb1 Re7 26. Nd3 Bg5 27. Nd6 Qg8 28.
Nxc8 Rg7 29. Nc5 Nc7 30. Nxa4 Rg6 31. d5 e5 32. d6 Ne6 33. Ne7 Qf7 34. Qa6 Rh6
35. Qc8+ Kg7 36. Nf5+ Kg6 37. Qxh8 Bf4 38. Be8 1-0